|
|
|
|
| LEADER |
01242nam a2200313 a 4500 |
| 001 |
35740 |
| 003 |
BD-DhAAL |
| 005 |
20211201101125.0 |
| 008 |
191106t1984 caua b 001 0 eng |
| 999 |
|
|
|c 41775
|d 41775
|
| 010 |
|
|
|a 83012513
|
| 020 |
|
|
|a 0534029884 (pbk.)
|
| 040 |
|
|
|a DLC
|c DLC
|d DLC
|d BD-DhAAL
|
| 043 |
|
|
|a n-us---
|
| 050 |
0 |
0 |
|a LC3981
|b .S38 1984
|
| 082 |
0 |
0 |
|a 371.9
|2 19
|
| 100 |
1 |
|
|a Schwartz, Lita Linzer.
|9 36873
|
| 245 |
1 |
0 |
|a Exceptional students in the mainstream /
|c Lita Linzer Schwartz.
|
| 260 |
|
|
|a Belmont, CA :
|b Wadsworth Pub. Co.,
|c c1984.
|
| 300 |
|
|
|a xiv, 370 pages :
|b illustrations ;
|c 23 cm.
|
| 504 |
|
|
|a Includes bibliographical references ( pages 343-360) and indexes.
|
| 526 |
|
|
|a BIED
|
| 541 |
|
|
|a Complimentary copy from BIED
|e 35740
|
| 650 |
|
0 |
|a Special education
|z United States.
|9 36874
|
| 650 |
|
0 |
|a Mainstreaming in education
|z United States.
|9 36875
|
| 650 |
|
0 |
|a Social science
|9 36876
|
| 852 |
|
|
|a Ayesha Abed Library
|c BIED Collection
|
| 942 |
|
|
|2 ddc
|c BK
|
| 952 |
|
|
|0 0
|1 0
|2 ddc
|4 0
|6 371_900000000000000_SCH
|7 0
|9 67057
|a BRACUL
|b BRACUL
|c GEN
|d 2019-11-06
|e Complimentary copy from BIED
|l 1
|m 16
|o 371.9 SCH
|p 3010035740
|r 2022-10-18
|s 2022-06-27
|t 1
|w 2019-11-06
|y BK
|x Transferred from BIED to General Stacks
|